| 000 | 00997nam a22002537a 4500 | ||
|---|---|---|---|
| 005 | 20130717104928.0 | ||
| 008 | 120223s2010 ck a gr 00010 spa d | ||
| 015 | _ack-2010-xxxx | ||
| 020 | _a9789588317632 | ||
| 041 | 0 | _aspa | |
| 082 | 0 | 4 |
_a634.6 _bH557c |
| 245 | 0 | 0 |
_aCamu camu : _b(myrciaria dubia (kunth) McVaugh) / _ccompiladores María Soledad Hernández, Jaime Alberto Barrera. |
| 260 |
_aBogotá : _bInstituto Amazónico de Investigaciones Científicas - Sinchi, _c2010. |
||
| 300 |
_a148 p. : _bil. ; _c24 cm. |
||
| 504 | _aIncluye bibliografía. | ||
| 650 | 4 |
_aFrutas tropicales _x Cultivo _z Putumayo (Colombia) _9520 |
|
| 650 | 4 |
_aFrutas tropicales _x Comercio _z Putumayo (Colombia) _9521 |
|
| 650 | 4 |
_aCamu camu _x Mercadeo _z Putumayo (Colombia) _9522 |
|
| 650 | 4 |
_aCamu camu _x Cultivo _z Putumayo (Colombia) _9523 |
|
| 700 | 1 |
_aHernández Gómez, María Soledad, _ecomp. _9478 |
|
| 700 | 1 |
_aBarrera García, Jaime Alberto, _ecomp. _9477 |
|
| 942 |
_2ddc _cIMPRESO |
||
| 949 | _a | ||
| 999 |
_c7381 _d7381 |
||